<?xml version="1.0" encoding="utf-8"?>
<?xml-stylesheet type='text/xsl' href='./oai2.xsl'?>
<OAI-PMH xmlns="http://www.openarchives.org/OAI/2.0/" xmlns:xsi="http://www.w3.org/2001/XMLSchema-instance" xsi:schemaLocation="http://www.openarchives.org/OAI/2.0/ http://www.openarchives.org/OAI/2.0/OAI-PMH.xsd">
  <responseDate>2026-06-06T19:04:17Z</responseDate>
  <request verb="GetRecord" metadataPrefix="marcxml" identifier="record_kuniweb_171675">https://kulturerbe.niedersachsen.de/oai</request>
  <GetRecord>
    <record>
      <header>
        <identifier>record_kuniweb_171675</identifier>
        <datestamp>2024-04-10T10:39:58Z</datestamp>
        <setSpec>slg0221</setSpec>
      </header>
      <metadata>
        <marc:record xmlns:marc="http://www.loc.gov/MARC21/slim" xsi:schemaLocation="http://www.loc.gov/MARC21/slim http://www.loc.gov/standards/marcxml/schema/MARC21slim.xsd">
          <marc:leader>12345nrm  22     uu 4500</marc:leader>
          <marc:controlfield tag="001">171675</marc:controlfield>
          <marc:controlfield tag="003">http://kuniweb.gbv.de</marc:controlfield>
          <marc:controlfield tag="005">2019-05-15T13:03:01</marc:controlfield>
          <marc:controlfield tag="008">|           ||||||||||||||||||||||</marc:controlfield>
          <marc:datafield tag="245" ind1="1" ind2="0">
            <marc:subfield code="a">Stollentruhe</marc:subfield>
          </marc:datafield>
          <marc:datafield tag="655" ind1=" " ind2="7">
            <marc:subfield code="a">Alltagskultur</marc:subfield>
          </marc:datafield>
          <marc:datafield tag="046" ind1=" " ind2=" ">
            <marc:subfield code="k">1570</marc:subfield>
            <marc:subfield code="k">16. Jh. Ende (Dendrochronologie (vermutliches Fälldatum))</marc:subfield>
            <marc:subfield code="l">1590</marc:subfield>
          </marc:datafield>
          <marc:datafield tag="260" ind1=" " ind2=" ">
            <marc:subfield code="g">1570</marc:subfield>
            <marc:subfield code="g">1590</marc:subfield>
            <marc:subfield code="g">16. Jh. Ende (Dendrochronologie (vermutliches Fälldatum))</marc:subfield>
          </marc:datafield>
          <marc:datafield tag="300" ind1=" " ind2=" ">
            <marc:subfield code="a">Länge: 207 cm
Höhe: 95 cm
Tiefe: 77 cm</marc:subfield>
          </marc:datafield>
          <marc:datafield tag="520" ind1=" " ind2=" ">
            <marc:subfield code="a">Lüneburger Typus mit seitlichem Riegelwerk, Seitenwände in 6 Felder unterteilt; auf der Frontseite mittig grosses originales Schliessblech (Schmetterlings-Schloss), dessen Ecken sowie Schlüssel- und Überwurfführung in durchbrochener Blattform auslaufend, diese Blätter mit rotem Stoff hinterlegt; Überwurf in Fragment erhalten. Funktion der 3 teilweise vorhandenen originalen Ösen-Scharniere durch 2 spätere Bandscharniere ersetzt; verso auf dem linken Stollen unterhalb des Corpus eingebrannte Handwerker-Marke; innen links Nutung der fehlenden Beilade, am Rückbrett dito der hohen Kante; auf Innenseite Deckel Kreidestriche zur Zählung des Inhalts in Dutzend. Laut dendrochron. Untersuchung vom Aug. 2010 "Fällung der Ursprungsbäume als terminus post quem... um oder nach 1567(+14/-6 Jahre)"; ältester Jahresring ca. 1320 (O. Rennebeck 05/2010)

Stempel:
(Brandstempel verso auf linkem hinteren Stollen unterhalb Korpus)

Beschrieben in:
mit_teilungen der Kranichhaus-Gesellschaft Otterndorf e.V., 12/2011, S. 13ff, Olaf Rennebeck: Neuerwerbung im Kranichhaus</marc:subfield>
          </marc:datafield>
          <marc:datafield tag="650" ind1="1" ind2=" ">
            <marc:subfield code="a">Möbel &gt; Behältnismöbel &gt; Truhe &gt; Stollentruhe</marc:subfield>
          </marc:datafield>
          <marc:datafield tag="773" ind1="0" ind2=" ">
            <marc:subfield code="t">Sammlung "Kulturerbe" im Kranichhaus</marc:subfield>
          </marc:datafield>
          <marc:datafield tag="852" ind1=" " ind2=" ">
            <marc:subfield code="a">Kranichhaus. Museum des Landes Hadeln</marc:subfield>
          </marc:datafield>
          <marc:datafield tag="" ind1=" " ind2=" ">
            <marc:subfield code="a">Namensnennung - Nicht kommerziell - Keine Bearbeitungen 4.0 International (CC BY-NC-ND 4.0)</marc:subfield>
          </marc:datafield>
        </marc:record>
      </metadata>
    </record>
  </GetRecord>
</OAI-PMH>
